000 00935nas a2200313 4500
001 BR2011008020
003 BR-BrBNA
005 20231205115843.0
007 ta
008 230509b bl.|||p| |||| 00| 00por d
040 _aBR-BrBNA
_bpor
_cBiblioteca Nacional de Agricultura
041 _a(Pt)
072 _aP34
100 1 _aLima, K.B.
100 1 _aMartins, M.A.
100 1 _aFreitas, M.S.
100 1 _aOlivares, F.L.
245 1 _aFungos micorrízicos arbusculares, bactérias diazotróficas e adubação fosfatada em mudas de mamoeiro
650 _aMAMÃO
650 _aMUDA
650 _aADUBAÇÃO
650 _aFOSFATO
650 _aSOLO
650 _aMICORRIZA VESICULAR ARBUSCULAR
650 _aINOCULAÇÃO
773 0 _tRevista Brasileira de Fruticultura (Brazil)
_xISSN 0100 2945
_g(Sep 2011), v. 33(3) p. 932-940
_wBR2011008020
909 _a202311
_bLúcia
_c55
_dLúcia Elande
942 _2AGRIS
_n0
_cANA
999 _c216018
_d216018